Etika ve veřejné správě a její problémové oblasti

Pojem etika vo verejnej správe. Etické kódexy vo verejnej správe. Problémové oblasti etiky.

Enregistré dans:
Détails bibliographiques
Auteur principal: Pop, Martin
Format: Chapitre de livre
Langue:tchèque
Sujets:
Tags: Ajouter un tag
Pas de tags, Soyez le premier à ajouter un tag!

MARC

LEADER 00000naa$a2200000$$$4500
001 0056625
005 20221207085016.1
041 0 |a cze 
044 |a SK 
245 1 0 |a Etika ve veřejné správě a její problémové oblasti  |c Martin Pop 
520 |a Pojem etika vo verejnej správe. Etické kódexy vo verejnej správe. Problémové oblasti etiky. 
610 2 0 |a etika 
610 2 0 |a kódexy etické 
610 2 0 |a správa verejná 
610 2 0 |a zamestnanci 
610 2 0 |a odmeňovanie 
100 1 |a Pop, Martin